000 00831cab a2200265 4500
001 ABS51706
008 090401t1994 xxu||||| |||| 00| 0 eng d
035 _a(Sirsi) u40893
041 _aeng
100 _aLynn, R.B.
245 _aRecycling property - more than a trend
260 _c1994
350 _a0
490 _aCSM (Chartered Surveyor Monthly)
_v4(2) November/December 1994, 20-21(2)
520 _aConsiders the need for recycling surplus property in a depressed property market and highlights recent conversions of empty office space into residential flats.
650 _aALTERNATIVE USES
650 _aCONVERSION
650 _aOFFICES
650 _aRECYCLING
650 _aRESIDENTIAL USE
650 _aSURPLUS PROPERTY
690 _aPROPERTY-COMMERCIAL PROPERTY
942 _n0
948 _c04/03/1997
999 _c26218
_d26218